Εισαγωγή στην Ασφαλιστική Επιστημή (Record no. 2009)
[ view plain ]
| 000 -LEADER | |
|---|---|
| fixed length control field | 01352cam a22001814a 4500 |
| 005 - ΗΜΕΡΟΜΗΝΙΑ ΚΑΙ ΩΡΑ ΤΕΛΕΥΤΑΙΑΣ ΕΝΗΜΕΡΩΣΗΣ | |
| Πεδίο ελέγχου | 20250605164028.0 |
| 008 - FIXED-LENGTH DATA ELEMENTS--GENERAL INFORMATION | |
| Πεδίο ελέγχου σταθερού μήκους | 250528s ||||||||||||||||||||||||d |
| 035 ## - SYSTEM CONTROL NUMBER | |
| System control number | 16515 |
| 040 ## - ΠΗΓΗ ΚΑΤΑΛΟΓΟΓΡΑΦΗΣΗΣ | |
| Φορέας πρωτότυπης καταλογογράφησης | MC Athens Campus Library |
| Γλώσσα καταλογογράφησης | Ελληνικά, Μοντέρνα (1453-) |
| Modifying agency | MC Athens Campus Library |
| Κανόνες περιγραφικής καταλογογράφησης | AACR2 |
| 245 1# - ΤΙΤΛΟΣ ΚΑΙ ΔΗΛΩΣΗ ΥΠΕΥΘΥΝΟΤΗΤΑΣ | |
| Τίτλος | Εισαγωγή στην Ασφαλιστική Επιστημή |
| 260 ## - PUBLICATION, DISTRIBUTION, ETC. | |
| Name of publisher, distributor, etc. | Interbooks, |
| Date of publication, distribution, etc. | 1993 |
| 300 ## - PHYSICAL DESCRIPTION | |
| Extent | 352 |
| 520 ## - SUMMARY, ETC. | |
| Summary, etc. | Εισαγωγή, Η Ιδιωτική Ασφάλιση, Ασφάλειες Ζημιών, Ασφάλεια Αυτοκινήτων, Ασφάλιση Πυρός, Οργανισμός Γεωργικών σφαλίσεων, Ασφάλιση Θαλάσσιων Μεταφορών, Ασφάλεια Ζωής, Ασφάλιση Προσωπικών Ατυχημάτων και Ασθενειών, Ομαδική Ασφάλιση, Αποζημιώσεις, Μαθηματικό Αποθεματικό ή Μαθηματικό Χρέος, Κοινωνική Ασφάλιση, Οικονομικά Συστήματα Διαχείρισης στον Κλάδο των Ασφαλίσεων, Ασφαλιστικός Σύμβουλος, Ασφάλειες κατά των Ασθενειών και Δείκτες Νοσηρότητας, Νομοθεσία περί των Ασφαλίσεων. |
| 700 1# - ΠΡΟΣΘΕΤΗ ΑΝΑΓΡΑΦΗ--ΦΥΣΙΚΟ ΠΡΟΣΩΠΟ | |
| Personal name | Κιόχος Πετρος |
| 9 (RLIN) | 2468 |
| 942 ## - ADDED ENTRY ELEMENTS (KOHA) | |
| Koha item type | Books |
| Τύπος τεκμηρίου | Βιβλιοθήκη | Τρέχουσα τοποθεσία | Barcode | Αριθμός εισαγωγής | Ημερομηνία απόκτησης | Ταξιθετικό σύμβολο | Αριθμός αντιτύπου | Κατάσταση απόσυρσης | Κατάσταση χαμένου | Κατάσταση κατεστραμμένου | Μη δανεισμός | Σύνολο δανεισμών | Ημερομηνία τελευταίας εμφάνισης | Η τιμή ισχύει από |
|---|---|---|---|---|---|---|---|---|---|---|---|---|---|---|
| Books | MC Athens Campus Library | MC Athens Campus Library | 9780000020086 | 4220 | 05/06/2025 | 368.001 ΚΙΟ | 1 | 05/06/2025 | 05/06/2025 |